Taylor Swift Singles Quiz - Statistics

General Stats
  • This quiz has been taken 64 times
  • The average score is 34 of 55
Answer Stats
Hint Answer % Correct
ME!
90%
Ours
88%
Our Song
88%
Mine
85%
Blank Space
83%
Tim Mcgraw
83%
You Belong With Me
83%
Lover
80%
Love Story
80%
Mean
80%
Style
80%
22
78%
Red
78%
Shake it Off
78%
Teardrops on My Guitar
78%
We Are Never Ever Getting Back Together
78%
I Knew You Were Trouble
75%
willow
75%
cardigan
73%
Fearless
73%
Picture to Burn
73%
Delicate
70%
Look What You Made Me Do
70%
You Need to Calm Down
70%
Out of the Woods
68%
Wildest Dreams
68%
Back to December
65%
Cruel Summer
65%
Fifteen
65%
White Horse
65%
...Ready for It?
63%
Sparks Fly
63%
The Man
63%
Bad Blood
60%
End Game
60%
Anti-Hero
58%
Speak Now TV I Can See You
58%
Red TV I Bet You Think About Me
55%
Should've Said No
55%
Begin Again
50%
1989 TV Slut!
50%
Karma
48%
The Story of Us
48%
betty
45%
Everything Has Changed
45%
New Romantics
45%
exile
43%
the 1
40%
Getaway Car
33%
no body, no crime
28%
coney island
23%
The Last Time
23%
Red TV Message in a Bottle
20%
New Year's Day
18%
Lavendar Haze
3%
No matching quizzes found
Score Distribution
Percent of People with Each Score
Percentile by Number Answered
Your Score History
You have not taken this quiz